| 000 | 00417nam a2200121Ia 4500 | ||
|---|---|---|---|
| 008 | 200902s9999 xx 000 0 und d | ||
| 020 | _a978-621-406-243-0 | ||
| 100 | _aRevano Jr., Teodoro F. | ||
| 245 |
_cTeodoro F. Revano.-- _aLiving in the information technology era / |
||
| 260 |
_aManila : _bMindshapers Co., Inc. _c2019 |
||
| 300 |
_aviii , 178 pages : _billustrations ; _c26 cm. |
||
| 650 | _aInformation technology | ||
| 999 |
_c363963 _d363963 |
||